[Event "EU-ch 6th"]
[Site "Warsaw"]
[Date "2005.06.21"]
[Round "4"]
[White "Shomoev, Anton"]
[Black "Pelletier, Yannick"]
[Result "1-0"]
[WhiteElo "2540"]
[BlackElo "2610"]
[Annotator "Ribli,Z"]
[PlyCount "72"]
[EventDate "2005.06.18"]
[EventType "swiss"]
[EventRounds "13"]
[EventCountry "POL"]
[SourceTitle "CBM 108"]
[Source "ChessBase"]
[SourceDate "2005.09.26"]
[SourceVersion "1"]
[SourceVersionDate "2005.09.26"]
[SourceQuality "1"]

1. e4 c5 2. Nf3 e6 3. d4 cxd4 4. Nxd4 Nc6 5. Nc3 Qc7 6. Be3 a6 7. Qd2 Nxd4 {
Dieser Springertausch wird selten gespielt - die bekannte Hauptvariante ist 7..
.Nf6 8.0-0-0.} (7... b5 8. O-O-O Nxd4) 8. Bxd4 b5 9. O-O-O Ne7 {Schwarz möchte
seinen Springer mittels c6 ins Spiel bringen. Meiner Meinung nach ist diese
Spielweise weniger günstig für Schwarz.} (9... Bb7 10. f3 Ne7 11. Kb1 Bc6 12.
Bc5 Ng6 13. Bxf8 Rxf8 14. h4 Qf4 15. Qe1 f5 16. Nd5 Qe5 17. h5 Nf4 18. Nxf4
Qxf4 19. exf5 Rxf5 20. Bd3 Re5 {1/2-1/2 Korneev,O-Ivanov,J/Coria del Rio 2005/
(55)}) 10. h4 $5 {[%mdl 4] Eine logische Fortsetzung - Weiß verliert keine
Zeit mit 10.Kb1, sondern beginnt mit Aktionen am Königsflügel.} (10. Kb1 Nc6
11. Be3 Rb8 (11... Ne5 12. f4 Nc4 13. Bxc4 Qxc4 14. Bd4 f6 15. g4 $1 Be7 16. g5
O-O 17. b3 Qc6 18. gxf6 Bxf6 19. Rhg1 $16 b4 20. Nd5 $3 {1-0 Short,N-Pogorelov,
R/Catalan Bay 2004/ (35)}) 12. f4 d6 13. e5 dxe5 14. fxe5 Bb4 (14... Nxe5 15.
Bf4 $44) 15. Bd3 O-O 16. Rhe1 Bb7 17. a3 Be7 $1 18. Qf2 b4 19. Bb6 Qc8 20. axb4
Nxb4 21. Ba7 Ra8 22. Ne4 Nxd3 23. cxd3 Bxe4 24. dxe4 Qc7 {0-1 Vuckovic,
B-Perunovic,M/Kopaonik 2005/CBM 107(55)}) (10. Qg5 Ng6 11. e5 Bb7 12. Bd3 Bc5
13. Bxc5 Qxc5 14. Ne4 Bxe4 15. Bxe4 Rc8 16. Rd2 Qxe5 {0-1 K,C-Ivanisevic,I/Dos
Hermanas 2003/EXT 2004 (29)}) 10... Nc6 11. Be3 Rb8 (11... b4 12. Na4 $14) 12.
h5 b4 13. Na4 (13. Ne2) 13... Qa5 14. b3 $14 {Weiß hat großen
Entwicklungsvorteil und eine freie Stellung. Im folgenden kann er am
Königsflügel konseqent seinen Bauernsturm einleiten, während Schwarz keine
Gegenchanchen am Damenflügel besitzt .} Be7 15. f4 d6 16. g4 e5 $6 (16... h6
$142 $5) 17. h6 exf4 (17... g6 18. f5 $16) 18. hxg7 Rg8 19. Bxf4 Rxg7 (19...
Bxg4 20. Rxh7 (20. Be2 Bxe2 21. Qxe2 Rxg7 22. Rh5 $36) 20... Bxd1 21. Bh3 $1
$18 {Die weiße Drohung ist 22.Rh8 - Schwarz hat keine Verteidigung.}) 20. Rh5
$1 {[%csl Rd6,Re8,Gh5][%cal Rh5a5,Gh5h7][%mdl 2048] Der Turm steht
ausgezeichnet auf h5: die schwarze Dame "hängt" und es droht die
Turmverdoppelung auf der h-Linie. Weiß hat ausgezeichnetes Figurenspiel und
kontrolliert die wichtigste Punkten.} (20. Bxd6 $6 Bg5 21. Bf4 Bxg4 $132) 20...
Ne5 (20... Qc7 21. Bxd6 (21. Be2) 21... Bxd6 22. Qxd6 Qxd6 23. Rxd6 Bxg4 24.
Rhh6 (24. Rc5 Bf3 25. Rdxc6 Rg1 26. Kb2 Rxf1 27. Rxa6 $16) 24... Ne7 25. Bxa6
$16) 21. Be2 Be6 $6 (21... Bxg4 $2 22. Bxg4 Rxg4 23. Bxe5 dxe5 24. Qd7+ $18 {
[%cal Rd7e8,Rd7g4]}) (21... Qc7 $142 22. g5 $36) 22. Rdh1 $16 {[%csl Rh7][%cal
Rh1h7]} Rc8 (22... Bxg4 23. Rxh7 Rxh7 24. Rxh7 {[%csl Re8][%cal Rh7h8,Rh8b8]}
Bc8 25. Rh8+ Kd7 26. Bxa6 $1 $18) 23. Rxh7 Rxh7 24. Rxh7 {[%csl Re8,Gh7] Weiß
hat einen Bauern mehr und der schwarze König steht angreifbar in der Mitte.}
Ng6 (24... Bxg4 25. Rh8+ (25. Bxg4 Nxg4 26. Bxd6 $16) 25... Kd7 26. Bxe5 Rxh8 (
26... Bxe2 27. Qxe2 Qxe5 28. Qg4+ f5 29. Nb6+ $18) 27. Bxg4+ Kc7 28. Bf4 $18 (
28. Bxh8 Bg5 29. Bf5 Bxd2+ 30. Kxd2 $16)) 25. Rh5 Qc7 (25... Ne5 26. Bxe5 dxe5
27. Rh8+ Bf8 28. Qd6 $18) 26. Bxa6 $18 {Weiß hat mittlerweile zwei Mehrbauern
und Schwarz keine Kompensation.} Rb8 (26... Bxg4 27. Rc5 $1 Qd8 28. Bb5+ Kf8
29. Rxc8 Bxc8 30. Bh6+ Kg8 31. Qxb4 $18) 27. Bb5+ Kf8 28. Qh2 {[%cal Rh5h8,
Rh8f8]} Kg8 29. Be2 {Weiß muss nicht beeilen - er verteidigt zuerst den
g4-Bauern.} Qa7 30. Kb1 Qd4 31. Bc1 $1 {[%cal Rc1b2,Rb2h8] Das Auftauchen des
Läufers auf der a1-h8 Diagonale ist tödlich für Schwarz.} Rc8 32. Bb2 Rc3 (
32... Qxe4 33. Rh8+ $18) 33. Rb5 (33. Nxc3 bxc3 34. Bc1 $18) 33... Bf8 34. Rb8
(34. a3 $18) 34... Qa7 35. Rxf8+ Kxf8 36. Nxc3 bxc3 1-0

[Event "St Petersburg op"]
[Site "St Petersburg"]
[Date "1994.??.??"]
[Round "2"]
[White "Frolov, Denis"]
[Black "Ionov, Sergey"]
[Result "0-1"]
[WhiteElo "2315"]
[BlackElo "2505"]
[Annotator "Ribli,Z"]
[PlyCount "59"]
[EventDate "1994.02.??"]
[EventType "swiss"]
[EventRounds "9"]
[EventCountry "RUS"]
[SourceTitle "CBM 041"]
[Source "ChessBase"]
[SourceDate "1994.08.01"]
[SourceVersion "1"]
[SourceVersionDate "1994.08.01"]
[SourceQuality "1"]

1. e4 c5 2. Nf3 e6 3. d4 cxd4 4. Nxd4 a6 5. Nc3 Qc7 6. Bd3 Nc6 7. Be3 b5 $5 8.
Nxc6 Qxc6 9. O-O Bb7 10. Qe2 Nf6 11. Bg5 (11. a3 {Khalifman,A-Salov,V/Wijk cm4/
1994/CBM39/INF59,208/}) 11... Be7 12. Rae1 b4 13. Nb1 h6 14. Bc1 (14. Bh4 $5 g5
15. Bg3 d5 16. e5 (16. Nd2 $2 dxe4 17. Nxe4 Nxe4 18. Bxe4 Qxe4 19. Qxe4 Bxe4
20. Rxe4 f5 21. Rxe6 f4 22. Rfe1 Rh7 $17) 16... Ne4 $13) 14... O-O 15. f4 d5
16. e5 (16. exd5 $5) 16... Ne4 17. Nd2 $2 (17. Be3 f6 $15) 17... Qb6+ 18. Kh1
Bh4 $1 19. Bxe4 (19. g3 Bxg3 $1) 19... Bxe1 20. Bd3 (20. Rxe1 dxe4 21. Nxe4
Bxe4 22. Qxe4 Rac8 $19) 20... Bxd2 21. Bxd2 a5 $1 22. f5 exf5 23. Rxf5 Ba6 24.
Rf6 (24. Qg4 Bxd3 25. Rf6 Be2 $1 26. Qg3 Qd4 $19) 24... Bxd3 25. Qxd3 (25. cxd3
gxf6 26. Qg4+ Kh7 27. Bxh6 Rg8 28. Qh4 Kg6 $19) 25... gxf6 26. Qg3+ (26. Bxh6
Qf2 $19) 26... Kh7 27. Bxh6 Rg8 $1 (27... Kxh6 $2 28. Qh4+ Kg6 29. Qg4+ Kh6 30.
Qh4+ Kg6 31. Qg4+ $10) 28. Qh4 Kg6 29. Bf8 Kf5 30. g3 0-1

[Event "Sigeman & Co 06th"]
[Site "Malmo"]
[Date "1998.06.10"]
[Round "2"]
[White "Hector, Jonny"]
[Black "Miladinovic, Igor"]
[Result "0-1"]
[WhiteElo "2505"]
[BlackElo "2565"]
[Annotator "Ribli,Z"]
[PlyCount "82"]
[EventDate "1998.06.09"]
[EventType "tourn"]
[EventRounds "9"]
[EventCountry "SWE"]
[EventCategory "13"]
[SourceTitle "CBM 066"]
[Source "ChessBase"]
[SourceDate "1998.09.30"]
[SourceVersion "1"]
[SourceVersionDate "1998.09.30"]
[SourceQuality "1"]

1. e4 c5 2. Nf3 e6 3. d4 cxd4 4. Nxd4 Nc6 5. Nc3 Qc7 6. Be3 a6 7. Bd3 {Dieses
System ist für Schwarz sehr gefährlich. Weiß strebt nach schneller Entwicklung
und möchte eine Angriffsstellung aufbauen. Ribli.} Nf6 8. O-O h5 {Dieser
zweifelhafte Zug ist die Spezial-Variante von Miladinovic. Der Übergang zur
Scheveninger Variante mit 8...d6 wäre weniger gut, denn Weiß hat schon seinen
Läufer auf d3, statt auf e2. Meines Erachtens bietet der Zug 8...Ne5 dem
Schwarzen gute Ausgleichschancen.} 9. h3 b5 (9... Bd6 $6 $146 10. Re1 $1 (10.
f4 Bc5 11. e5 Bxd4 12. Bxd4 Nxd4 13. exf6 gxf6 14. f5 d5 15. Kh1 Qg3 16. fxe6
Bxe6 17. Qe1 Rg8 {1/2-1/2 Hracek,Z-Movsesian,S/Team Championships, CZE 1997 
(28)}) 10... Bh2+ 11. Kh1 Nxd4 12. Bxd4 Be5 13. Bxe5 Qxe5 14. Qd2 g5 15. Nd5 $1
Nxd5 16. exd5 Qf6 17. Rad1 $1 $14 {+/- Prie,E-Miladinovic,I/Yerevan (ol) 1996 
(17)}) (9... Nxd4 10. Bxd4 Bc5 11. Bxc5 Qxc5 12. Na4 $14 {Und mit folgendem 13.
c4 gewinnt Weiß Raum.} (12. Qf3 h4 13. Rad1 d6 $13)) 10. Nb3 {Dieser Zug
gefällt mir nicht. Weiß möchte die Springer auf dem Brett halten, aber auf b3
steht der Springer gewöhnlich schlecht.} (10. a3 Bb7 11. Qe2 h4 12. f4 Nh5 13.
Qf2 Be7 14. Rad1 Rc8 {0-1 Agnos,D-Miladinovic,I/Ano Liosia op 1995 (40)}) (10.
Nxc6 $5 Qxc6 11. a3 Bb7 12. Re1 $5 h4 $5 (12... Bd6 13. Bd4 e5 14. Be3 b4 15.
axb4 Bxb4 16. Bd2 O-O 17. Qf3 Rfe8 (17... Qe6 $5) 18. Rad1 $14) 13. Qf3 (13.
Qd2 Rc8 (13... Be7 $5) 14. Rad1 b4 15. axb4 Bxb4 16. Bd4 {1-0 Hansen,
C-Miladinovic,I/FIDE WCh KO, Groningen NED 1997 (41)}) 13... Be7 14. Bd4 Kf8
15. b4 Qc7 16. Nb1 Nh5 17. Nd2 Bf6 18. c3 Nf4 19. Bf1 Kg8 20. Rac1 Bc6 {
1/2-1/2 Kotronias,V-Miladinovic,I/ch-GRE (team), Poros GRE 1998 (36)}) 10...
Ne5 {[%csl Yc4][%cal Ge5c4]} 11. f4 Nc4 {[%csl Gc4]} 12. Bd4 $13 (12. Bc1 $6
Bb4 $15) 12... Bb7 (12... Nxb2 13. Nxb5 {[%cal Rb5c7,Rc7e8,Rc7a8]} axb5 14.
Bxb2 $14) 13. Qe2 h4 $5 (13... Nxb2 14. Nxb5 axb5 15. Bxb2 Ba3 16. Bxf6 (16.
Bxa3 Rxa3 17. e5 Nd5 $13 18. Bxb5 $6 Qb6+ 19. Kh1 Nc3 {[%cal Rc3e2,Rc3b5]})
16... gxf6 17. Bxb5 $16) (13... Rc8 $6 14. e5 Nd5 15. Nxd5 Bxd5 16. a4 b4 17.
f5 $40) 14. a4 $1 $14 {Der schwarze König steht noch in der Mitte, während
Weiß bereits eine gute Angriffsstellung errichtet hat.} Nxb2 15. axb5 Nxd3 {
Schwarz muß den gefährlichen Läufer tauschen.} 16. cxd3 {Jetzt ist die
Diagonale des einst stolzen schwarzen Läufers auf b7 geschlossen. Die weißen
Bauern d3/e4 sind stark.} axb5 17. Nxb5 {[%csl Re8][%cal Rb5c7]} Qd8 (17... Qc6
$5 18. Rxa8+ Bxa8 19. Ra1 $40) 18. Qe3 {Weiß hat klaren Entwicklungsvorsprung.}
(18. Nc5 Rxa1 19. Rxa1 $14) 18... Rxa1 19. Rxa1 Be7 20. Bb6 $16 {[%csl Gb5,Gb6,
Rd8,Re8] Die weißen Leichtfiguren stehen sehr aktiv. Es ist bereits nicht
einfach für Schwarz, die direkten Drohungen zu parieren.} Qc8 (20... Qb8 21.
Bc7 Qc8 22. Nd6+ Bxd6 23. Bxd6 {[%csl Gd6,Re8][%cal Gd6f8]}) 21. Rc1 Bc6 (21...
Qb8 22. Bc7 Qa8 23. Bd6 $18 {[%cal Rb5c7,Rc7e8,Rc7a8]}) 22. Na7 (22. Nc7+ Kf8
23. Na5 {[%csl Rc6,Rc8][%cal Gc1c8] Schwarz hat ernsthafte Problemen mit dem
Läufer auf c6. Dieser kann nicht weichen, denn es würde Nxe6+ mit Damengewinn
folgen.} Ba3 24. Nxc6 dxc6 25. Rxc6 $18) (22. Na5 O-O 23. Na7 $16) 22... Qa8
23. Na5 O-O 24. N5xc6 dxc6 25. Nxc6 {Weiß besitzt einen Mehrbauern und es ist
unvorstellbar, daß er die Partie noch verlieren kann. Im praktischen Wettkampf
ist jedoch alles möglich.} Ba3 26. Rc4 {Schwarz hat keinerlei Kompensation, er
verfügt nur über geringe taktische Gegenchancen dank seines Bauern h4.} Rc8 27.
Ne5 Nh5 {[%csl Yg3][%cal Gh5g3]} (27... Rxc4 28. Nxc4 Bb4 29. Bd4 $16 {[%cal
Gd4a1,Rd4g7]}) 28. Rxc8+ Qxc8 29. Nc4 {Weiß ist klar im Vorteil. Bei der
Verwertung gibt es allerdings noch Schwierigkeiten, weil er keinen Freibauern
besitzt.} Be7 {[%csl Yg3][%cal Gh5g3]} 30. f5 $6 {Dieser Zug ist zu aggressiv,
denn Weiß hat keine reellen Angriffschancen am Königsflügel.} Ng3 {[%csl Gg3]}
31. fxe6 fxe6 (31... Qxe6 $6 32. Bc7 {[%cal Rc7g3]}) 32. Bd4 Qb8 {[%csl Rg1,
Gg3][%cal Gb8b1,Gb1g1]} 33. Nd2 (33. Bb2 Qb3 {[%cal Rb3d1,Rd1g1]} 34. Qf3 Qb4
$132 {[%cal Rb4e1,Re1g1]}) 33... Qb5 $132 {[%cal Re7g5,Rg5d2]} 34. Qf3 Bc5 {
Schwarz hat jetzt gutes Figurenspiel. Weiß muß sich verteidigen.} 35. Bxc5 (35.
Bf2 Qb6 $36) 35... Qxc5+ 36. Qf2 Qc1+ (36... Qc2 $15 {[%csl Gc2,Rg1,Gg3]}) 37.
Nf1 (37. Kh2 Qh1# (37... Qxd2 38. Qxd2 Nf1+ $19 {[%cal Rf1h2,Rf1d2]})) 37... e5
{[#]} 38. Qf3 $2 (38. Qa2+ Kh7 39. Qf2 {Weiß hat nichts besseres als mit
Damenzügen abzuwarten.} Qd1 (39... Kg6 40. Qf3) 40. Qf7 Qe1 41. Qf8 (41. Qf2 $2
Ne2+ $19 {[%csl Rf2]}) 41... Ne2+ 42. Kh2 Nf4 43. Kg1 Qe2 44. Qf5+ Kh6 45. Qg4
Qxg4 46. hxg4 Nxd3 $15) 38... Qe1 $22 {[%csl Rf3,Rg1] Es droht nichts, aber
Weiß muß der Zugpflicht nachkommen und seine Lage verschlimmern.} 39. d4 exd4
$19 40. e5 Qxf1+ 41. Qxf1 Nxf1 (41... Nxf1 42. Kxf1 Kf7 43. Ke2 Ke6 44. Kd3
Kxe5 $19 {Das Bauernendspiel ist für Schwarz leicht zu gewinnen.}) 0-1

[Event "CUB-ch"]
[Site "Las Tunas"]
[Date "2001.04.02"]
[Round "2"]
[White "Vazquez Igarza, Renier"]
[Black "Bruzon Batista, Lazaro"]
[Result "0-1"]
[WhiteElo "2393"]
[BlackElo "2584"]
[Annotator "Ribli,Z"]
[PlyCount "44"]
[EventDate "2001.04.01"]
[EventType "tourn"]
[EventRounds "16"]
[EventCountry "CUB"]
[EventCategory "9"]
[SourceTitle "CBM 083"]
[Source "ChessBase"]
[SourceDate "2001.07.05"]
[SourceVersion "1"]
[SourceVersionDate "2001.07.05"]
[SourceQuality "1"]

1. e4 c5 2. Nf3 e6 3. d4 cxd4 4. Nxd4 Nc6 5. Nc3 Qc7 6. Be3 a6 7. Bd3 {Das ist
eine Hauptvariante - Weiß möchte anschließend kurz rochieren und evtl. mit
f2-f4 eine starke Angriffsstellung aufbauen.} b5 {Der Springerzug 7...Nf6 ist
die beliebteste Fortsetzung, aber der Textzug ist auch gut spielbar. Durch
Zugumstellung erreichen wir später die Variante 7...Nf6 8.0-0 b5.} (7... Nf6)
8. Nxc6 (8. f4 Nxd4 9. Bxd4 Bb7 $11 (9... Qxf4 10. Rf1 Qc7 $13 (10... Qxh2 $6
11. Qf3 Nh6 12. O-O-O Qh4 13. Be3 Qg4 14. Qf2 $16) (10... Qh4+ $6 11. g3 Qe7
12. e5 $40))) 8... Qxc6 9. O-O Bb7 {Das ist ein für die Paulsen Variante
typisches Bild - Schwarz kontrolliert die große Diagonale a8-h1, aber er ist
bei der Entwicklung seiner Figuren zurück.} 10. Re1 (10. a3) (10. Qe2) (10. Kh1
) 10... Nf6 11. Bd4 Be7 {In der Folge möchte Schwarz rochieren, mit bequemer
Stellung. Es ist nicht leicht für Weiß, seinen Entwicklungsvorsprung
auszunutzen.} 12. Qf3 {Die zentrale Idee dieses Zuges ist, dass Weiß - nach 12.
...0-0 13.Qh3 oder 13.Qg3 spielen und eine Angriffsstellung aufbauen kann.} (
12. a4 b4 13. Nb1 d6 14. f3 O-O 15. Nd2 Nd7 16. a5 Rfd8 17. Nb3 Ne5 {1/2-1/2
Damaso,R-Horvath,G/Thessaloniki 1996/EXT 98 (42)}) (12. Qe2 O-O 13. a4 b4 14.
Nb1 Qd6 15. Bxf6 Bxf6 16. e5 Qc6 17. f3 Bh4 18. g3 Be7 {1/2-1/2 Mrdja,
M-Razuvaev,Y/Porto San Giorgio 1999/EXT 2000 (28)}) (12. a3 O-O 13. Qd2 d6)
12... b4 $5 {Schwarz verjagt den Nc3.} (12... Qc7 {'N'} 13. a3 Rc8 14. Qh3 h5
15. e5 Ng4 16. Be4 g6 17. Qf3 Bc6 18. h3 Nh6 $14 {1/2-1/2 Popovic,P-Leko,P/
Belgrade 1996/CBM 52 (48)}) (12... d6) (12... O-O 13. Qh3 $40) 13. Ne2 $2 {
[%mdl 16384] Dieser Zug ist keineswegs logisch - Weiß verliert den wichtigen
Pe4.} (13. Nd1 d6 14. b3 O-O 15. Qh3 (15. Bb2 Nd7 16. Qh3 Ne5 17. Ne3 Ng6 {
1/2-1/2 Polgar,J-Leko,P/Dortmund 1996/CBM 54/[Ribli] (51)}) 15... Rfe8 16. e5
dxe5 17. Bxe5 h6 18. Ne3 Nd7 19. Ng4 Nxe5 20. Nxe5 Qb6 21. Re3 {1-0
Goloshchapov,A-Poluljahov,A/Novgorod 1999/CBM 69 ext (65)}) (13. Nb1 d6 14. Nd2
O-O $13) 13... Nxe4 14. Bxg7 Rg8 $15 {[%cal Gg8g2,Gb7g2] Schwarz hat
ausgezeichnetes Figurenspiel - sein Rg8 ist besonders stark.} 15. Bd4 (15. Nd4
Ng5 16. Nxc6 $2 (16. Qg3 Qxg2+ 17. Qxg2 Bxg2 18. Kxg2 Rxg7 $17) 16... Nxf3+ 17.
gxf3 Rxg7+ $19) 15... Nc5 $1 {[%mdl 2048] Ein guter Zug, der Weiß zum
Damentausch zwingt.} 16. Qxc6 Bxc6 17. Ng3 (17. Nf4 Nxd3 18. cxd3 Rc8 $15 19.
Rac1 $2 Bg5 $17) (17. g3 Nxd3 18. cxd3 a5 $15 (18... d6 $15)) 17... Nxd3 18.
cxd3 f5 {Schwarz hat eine sehr bequeme Stellung erreicht. Es droht zwar nichts
Konkretes, aber der Ng3 steht passiv. In der Folge möchte Schwarz mit 19...Kf7
die Türme verbinden.} 19. f3 (19. Rac1 $15) 19... Kf7 20. Rac1 Rac8 21. Be5 Bg5
22. Rc4 $6 (22. f4 Bh4 $15 (22... Be7 $15 {[%cal Gc6g2]})) 22... Bb5 $17 {
Die Aufgabe kommt - meiner Meinung nach - überraschend. Weiß hat jedoch in der
Tat eine passive Stellung, und er muss jetzt auch die Herrschaft über die
c-Linie abgeben.} (22... Bb5 23. Rxc8 (23. Rxb4 Bd2 $19 {[%cal Rd2b4,Rd2e1]})
23... Rxc8) 0-1

[Event "Dos Hermanas-B"]
[Site "Dos Hermanas"]
[Date "2001.04.19"]
[Round "1"]
[White "Teran Alvarez, Ismael"]
[Black "Spraggett, Kevin"]
[Result "0-1"]
[WhiteElo "2382"]
[BlackElo "2526"]
[Annotator "Ribli,Z"]
[PlyCount "62"]
[EventDate "2001.04.19"]
[EventType "tourn"]
[EventRounds "9"]
[EventCountry "ESP"]
[EventCategory "9"]
[SourceTitle "CBM 083"]
[Source "ChessBase"]
[SourceDate "2001.07.05"]
[SourceVersion "1"]
[SourceVersionDate "2001.07.05"]
[SourceQuality "1"]

1. e4 c5 2. Nf3 e6 3. d4 cxd4 4. Nxd4 Nc6 5. Nc3 Qc7 6. Be3 a6 7. Bd3 Nf6 8.
O-O h5 {Dieser Zug wird relativ selten gespielt - die Alternativen sind 8...
Ne5, 8...Nxd4, 8...b5 und 8...Bd6. Mit dem Textzug beabsichtigt Schwarz, die
Schwächung des weißen Königsflügels zu provozieren.} 9. h3 b5 10. Nxc6 (10. Nb3
Ne5 11. f4 Nc4 12. Bd4 $13 Bb7 13. Qe2 h4 $5 {0-1 Hector,J-Miladinovic,I/Malmo
1998/CBM 66/[Ribli] (41)}) 10... Qxc6 11. a3 Bb7 12. Qe2 (12. Qf3 Bd6 13. Bf4
Bxf4 14. Qxf4 d6 15. Rfe1 Kf8 16. Rad1 h4 17. Be2 e5 18. Qe3 Rh6 19. Rd3 Qc5
20. Qxc5 dxc5 21. Rd6 Ke7 22. Rb6 Rb8 23. a4 b4 24. Nd5+ Nxd5 25. Rxh6 gxh6 26.
exd5 {1-0 Andreev,E-Malakhatko,V/Polanica Zdroj 2000/EXT 2001 (58)}) (12. Bg5
Bc5 13. Re1 d6 14. Bxf6 gxf6 15. Nd5 Kd8 16. Qf3 f5 17. c4 {1/2-1/2 Stripunsky,
A-Lastin,A/Moscow op 1994/EXT 94op (51)}) (12. Re1) 12... Rc8 {[%mdl 4] Das
immer ein nützlicher Zug - der Turm steht gut auf c8. Diese Spielweise ist
üblich in der Paulsen Variante - Schwarz entwickelt (noch) nicht den Bf8,
sondern wartet die gegnerische Antwort ab. Je nach der Fortsetzung von Weiß
spielt er entweder Bc5 oder Be7.} (12... h4 13. Rfd1 Be7 (13... Rc8 14. Rac1
Bxa3 15. Nxb5 axb5 16. Bxb5 Qxe4 17. f3 Qe5 18. bxa3 Nd5 {0-1 Jakubowski,
K-Mastrovasilis,D/Chalkidiki 2000/CBM 78 ext (42)}) 14. Bg5 Qc7 15. e5 Nd5 16.
Bxe7 Kxe7 17. f4 f5 18. a4 Qc5+ 19. Qf2 Qxf2+ 20. Kxf2 {1/2-1/2 Marciano,
D-Fressinet,L/France 1999/EXT 2000 (20)}) (12... Bd6 13. f4 Bc5 14. Bxc5 Qxc5+
15. Qf2 Qxf2+ 16. Rxf2 d6 17. Re1 Nd7 18. Rd2 Ke7 {1/2-1/2 Kiroski,T-Fressinet,
L/Batumi 1999/CBM 74 (24)}) (12... Be7 13. f4 h4 14. Qf2 Nh5 15. Ne2 Nf6 16.
Nc3 Rc8 17. e5 Nd5 18. Be4 Qc4 19. Bxd5 exd5 20. Rad1 {1-0 Roschina,T-Lymar,I/
Moscow 1996/EXT 98 (38)}) 13. f4 (13. Bd4 $5) 13... Bc5 14. Kh1 (14. Bxc5 Qxc5+
15. Qf2 Qxf2+ 16. Rxf2 $11) 14... h4 $11 {[%cal Gf6h5,Gh5g3] Schwarz legt
damit den weißen Königsflügel fest, eventuell kann der Springer auf h5
erscheinen. Obgleich Weiß Raumvorteil im Zentrum besitzt, steht er nicht
besser, denn Schwarz kontrolliert zum einen die wichtige Felder, und zum
anderen steht sein Bb7 traditionell sehr gut.} 15. Bxc5 Qxc5 16. Qf2 d6 (16...
Qxf2 17. Rxf2 d6 $11 (17... Ke7 $11) (17... Rxc3 18. bxc3 Nxe4 19. Bxe4 Bxe4
$44 {[%csl Ge4]})) 17. Rae1 (17. Qxc5 $6 dxc5 18. e5 Nh5 $15 {[%csl Yg3]}) (17.
Rad1 $5) 17... Qxf2 18. Rxf2 Ke7 {Schwarz hat eine bequeme Stellung erreicht -
schließlich kann er auch seine Türme verbinden.} 19. Kh2 {Das ist ein
verständlicher positioneller Zug - der König umgeht potentielle Schachs durch
Nh5-g3+ und auch des Bb7.} Nd7 $1 {[%mdl 32] Schwarz verbessert die Stellung
seines Springers - anschließend kann er entweder das Manöver Nb6-Nc4 oder
einfach Nc5 spielen.} (19... Rc5 $11) 20. Ne2 {[%cal Ge2d4,Gd4f3]} e5 $15 {
Nun kann Weiß nicht Nd4 ziehen. Auch aus strategischer Perspektive ist dieser
Zug gut: Schwarz spielt auf den schwarzen Feldern.} (20... Nc5 $5) 21. Ref1 (
21. f5 Nc5 $15) 21... f6 22. g4 $6 {Weiß schwächt von sich aus seine
Königsstellung. Sein zentrales Problem besteht darin, dass es nahezu unmöglich
ist, einen aktiven Spielplan zu finden.} hxg3+ 23. Nxg3 g6 {[%csl Rd3] Der
weiße Bd3 steht passiv. Schwarz hingegen kann den Ph3 angreifen.} 24. Ne2 Rh6 {
[%cal Rc8h8,Rh8h3]} 25. Rg1 Nc5 {[%csl Gc5][%cal Gc5e6,Gc5e4] Das schwarze
Figurenspiel ist viel aktiver - jetzt hängt der Pe4, und der Nc5 kann nach e6
zielen.} 26. Nc3 Ne6 {[%cal Ge6f4]} 27. Ne2 (27. fxe5 dxe5 $15) 27... Rch8 28.
Rg3 Bc8 $1 $17 {[%csl Rh3][%cal Gc8h3] Ein ausgezeichneter Zug, nach dem die
Schwäche des Ph3 deutlich wird.} 29. a4 $2 {Dieser Zug hilft nicht, aber guter
Rat war schon teuer.} (29. f5 Ng5 30. Ng1 gxf5 31. exf5 d5 $17 {[%csl Gd5,Ge5]}
) (29. fxe5 dxe5 $17 {[%cal Ge6g5,Gg5h3]}) 29... exf4 30. Nxf4 Nxf4 31. Rxf4
Bxh3 {[%csl Rh2] Und in dieser sehr schlechten Stellung gab Weiß auf.} (31...
Bxh3 32. Kg1 g5 $19 (32... bxa4 33. Bxa6 Rb8 $17)) 0-1